| 000 | 00529nam a2200157 i 4500 | ||
|---|---|---|---|
| 001 | 42073 | ||
| 003 | ES-MaACL | ||
| 005 | 20230906160538.0 | ||
| 007 | t| | ||
| 008 | 030312s1908 mx ||||1| spa d | ||
| 100 | 1 |
_aCasasús, Joaquín D. _936252 |
|
| 245 | 1 | 4 |
_aLas reformas a la Ley de instituciones de crédito _b: las instituciones de crédito en México en 1908 / _cJoaquín D. Casasús. |
| 260 |
_aMéxico : _b[s.n., _c1908] ( _fOficina Impresora de Estampillas) |
||
| 300 |
_a342 p. ; _c23 cm. |
||
| 852 |
_aES-MaACL _jF-1777 |
||
| 999 |
_c42073 _d42073 |
||